书目信息 |
| 题名: |
立体构成
|
|
| 作者: | 刘海波 , 谈放 , 邱璟 编著 | |
| 分册: | ||
| 出版信息: | 重庆 重庆大学出版社 2005.07 |
|
| 页数: | 49页 | |
| 开本: | 28cm | |
| 丛书名: | 高职高专艺术设计专业系列教材 | |
| 单 册: | ||
| 中图分类: | J061 | |
| 科图分类: | ||
| 主题词: | 立体--li ti--构图--高等学校--技术学校--教材 | |
| 电子资源: | ||
| ISBN: | 7-5624-3376-3 | |
| 000 | 00994nam 2200277 450 | |
| 001 | 012006734885 | |
| 005 | 20060922161052.54 | |
| 010 | @a7-5624-3376-3@dCNY19.00 | |
| 100 | @a20060709d2005 km y0chiy0120 ea | |
| 101 | 0 | @achi |
| 102 | @aCN@b500000 | |
| 105 | @aa a 000yy | |
| 200 | 1 | @a立体构成@Ali ti gou cheng@f刘海波, 谈放, 邱璟编著@Fliu hai bo,tan fang,qiu jing bian zhu |
| 210 | @a重庆@c重庆大学出版社@d2005.07 | |
| 215 | @a49页@c图@d28cm | |
| 225 | 2 | @a高职高专艺术设计专业系列教材@Agao zhi gao zhuan yi shu she ji zhuan ye xi lie jiao cai |
| 320 | @a有书目 (第49页)。 | |
| 330 | @a本书的主要内容包括:概述、立体构成的形态、立体构成的基本形态要素、立体构成的材料、立体的感觉。 | |
| 410 | 0 | @12001 @a高职高专艺术设计专业系列教材 |
| 606 | 0 | @a立体@Ali ti@x构图@x高等学校@x技术学校@j教材 |
| 690 | @aJ061@v4 | |
| 701 | 0 | @a刘海波@Aliu hai bo@4编著 |
| 701 | 0 | @a谈放@Atan fang@4编著 |
| 701 | 0 | @a邱璟@Aqiu jing@4编著 |
| 801 | 0 | @aCN@c20060922 |
| 905 | @a10447@dJ061@eL620 | |
| 立体构成/刘海波, 谈放, 邱璟编著.-重庆:重庆大学出版社,2005.07 |
| 49页:图;28cm.-(高职高专艺术设计专业系列教材) |
| ISBN 7-5624-3376-3:CNY19.00 |
| 本书的主要内容包括:概述、立体构成的形态、立体构成的基本形态要素、立体构成的材料、立体的感觉。 |
| ● |
| 相关链接 |
|
|
|
正题名:立体构成
索取号:J061/L620
 
预约/预借
| 序号 | 登录号 | 条形码 | 馆藏地/架位号 | 状态 | 备注 |
| 1 | 595039 | 205950390 | 自科二线404/309社科库 63排4列1层/ [索取号:J061/L620] | 在馆 | |
| 2 | 595040 | 205950407 | 社科库309/309社科库 63排4列1层/ [索取号:J061/L620] | 在馆 | |
| 3 | 595041 | 205950416 | 社科库309/309社科库 63排4列1层/ [索取号:J061/L620] | 在馆 |